| 000 | 00752nam a22002057a 4500 | ||
|---|---|---|---|
| 999 |
_c19084 _d19084 |
||
| 003 | AR-CdUCM | ||
| 008 | 190516b ||||| |||| 00| 0 spa d | ||
| 040 |
_aMUNICIPALIDAD PROVINCIAL DEL CUSCO _cBIBLIOTECA MUNICIPAL DEL CUSCO |
||
| 082 |
_a610 / _bM26 |
||
| 100 |
_aMarino, Mario A. _921752 |
||
| 245 | _aMas allá de los microbios / | ||
| 260 |
_aBuenos Aires : _bAmericana, _c1954. |
||
| 300 |
_a225 paginas ; _c22 cm. |
||
| 505 | _aContenido : Un adalid de la ciencia Argentina -- Alumno rebelde -- La gran matanza de cobayos -- Hacia el secreto de la vida -- La conquista de la sordera... | ||
| 650 |
_aMicrobios _936721 |
||
| 650 |
_aSalud _98684 |
||
| 650 |
_aParálisis infantil _940196 |
||
| 942 |
_2ddc _cLIBROS |
||
| 945 |
_awnts _d2019-05-16 |
||